Cubing Trivia #1 - Statistics

General Stats
  • This quiz has been taken 24 times
  • The average score is 7 of 16
Answer Stats
Question Answer % Correct
Who has achieved 6x6 world record mean the most times? Max Park
100%
Stanley Chapel has held a North American Record in a non-blind event. What was it? Clock
63%
What is an alternative name for the CFOP method? The Fridrich Method
63%
According to regulation 11f1a, slow motion or frame-by-frame analysis may be used to review an incident if the individual result is a regional record or a personal record in the top __ results of the world rankings. 50
58%
Who was one of the co-founders of the WCA? Ron van Bruchem / Tyson Mao
58%
Collectively, how many WRs did the co-founders achieve during their career? 5
54%
In 2018, Jayden McNeill infamously dropped his 3x3 near the end of his solve, costing him the world record single by a wide margin. What was the final time of the solve? 4.97
50%
Who is the 2024 WCA South American Champion? Caio Hideaki Sato
46%
Who won Square-1 at the Rubik's WCA World Championship 2023? Sameer Aggarwal
46%
Who achieved the first sub-4 second clock averages? Yunhao Lou
38%
With a time of 19.90, who eternally holds the world record average for the now removed event 3x3 With Feet? Lim Hung
33%
According to regulation E2d, what turn metric is used to calculate a competitor's result in FMC? Outer Block Turn Metric
29%
What city was the 2024 European Championship held in? Pamplona, Spain
29%
Of all the countries Feliks Zemdegs has not competed in, which has the highest GDP? Germany
21%
What was the time of Feliks Zemdegs' first 3x3 world record average? 9.21
17%
Released in 2016, what was the first factory magnetic 3x3? MoYu Weilong GTS M
13%
No matching quizzes found
Score Distribution
Percent of People with Each Score
Percentile by Number Answered
Your Score History
You have not taken this quiz